000 01460nam0a2200289 4500
001 RU\NLR\bibl\1749936
005 20260407095121.0
010 _a978-985-515-281-2
_9100
035 _a(NLR Aleph) 001740800
090 _a1458087
_c1458087
100 _a20110323d2010 |||y0rusy50 ca
101 0 _arus
102 _aRU
105 _ay |||||||||
200 1 _aКарский Евфимий Федорович
_e(к 150-летию со дня рождения)
_eбиблиографический обзор
_fМ-во образования Респ. Беларусь, Учреждение образования "Грод. гос. ун-т им. Янки Купалы"
_g[авт.-сост.: А.А. Карский]
210 _aГродно
_cГрГУ
_d2010
215 _a122 с.
_d20
600 1 _aКарский
_bЕ. Ф.
_f1860 - 1931
_gЕвфимий Федорович
_jБиблиография
_92533542
_3RU\NLR\auth\661500535
686 _aШ.г(2)7дКарский
702 1 _aКарский
_bА. А.
_gАлександр Александрович
_4220
702 1 _4570
_8rus
_7ca
_aКарский
_bЕ. Ф.
_f1860-1931
_gЕвфимий Федорович
_3RU\NLR\auth\7750107
_933042
712 0 2 _4570
_aГродненский государственный университет им. Я. Купалы
_3RU\NLR\AUTH\889921827
_9339729
801 0 _aRU
_bNLR
_c20110323
_gRCR
801 1 _aRU
_bNLR
_c20110323
942 _cBOOK
980 _aNB